header

Nietzschean parody (Record no. 57640)

MARC details
000 -LEADER
fixed length control field 01419nam a2200349 a 4500
082 04 - DEWEY DECIMAL CLASSIFICATION NUMBER
Classification number 193
100 1# - MAIN ENTRY--AUTHOR NAME
Personal name Gilman, Sander L.
245 10 - TITLE STATEMENT
Title Nietzschean parody
250 ## - EDITION STATEMENT
Edition statement 2nd, expanded ed.
260 ## - PUBLICATION, DISTRIBUTION, ETC. (IMPRINT)
Place of publication Aurora, Colo. :
Name of publisher Davies Group,
Year of publication 2001.
300 ## - PHYSICAL DESCRIPTION
Number of Pages xviii, 180 p.
490 1# - SERIES STATEMENT
Series statement Critical studies in the humanities
650 #0 - SUBJECT ADDED ENTRY--TOPICAL TERM
Topical Term Aesthetics, German
856 40 - ELECTRONIC LOCATION AND ACCESS
Uniform Resource Identifier http://site.ebrary.com/lib/rucke/Doc?id=10039183

No items available.

© 2026 Rongo University
Contact us: librarian | system librarian | Rongo university